Чепеларски будители (Запис номер 84925)
[ съкратено ]
| 000 -Лидер | |
|---|---|
| Контролно поле с фиксирана дължина | 01706nam a2200409 c 4500 |
| 003 - Код на организацията, давaща контролен номер | |
| Контролно поле | BLK |
| 005 - Дата и час на последна редакция | |
| Контролно поле | 20180422104215.0 |
| 008 - Елементи от данни с фиксирана дължина | |
| fixed length control field | 180408b bul|||||r ||||||| ||bul|| |
| 010 ## - Наследен системен номер | |
| LC control number | KNG00089518000 |
| 020 ## - Международен стандартен номер на книга ISBN | |
| Международен стандартен номер на книга ISBN | 978-954-9358-22-3 |
| -- | издат.: ЗЕА ПРИНТ |
| 040 ## - Източник на каталожния запис | |
| Идентификатор на билиотеката - собственик на записа | BLK |
| 041 ## - Код за език | |
| Код за езика на текст/звукозапис или на отделно заглавие | Български |
| Код за езика КДБФ | Български |
| 080 ## - УДК | |
| Текстов определител УДК | Краезнание |
| УДК код - определител по УДК | 908 |
| УДК определител | (497.23-21)(092) |
| УДК - код + определител | 908(497.23-21)(092) |
| 080 ## - УДК | |
| Текстов определител УДК | |
| УДК код - определител по УДК | 929 Чичовски, Георги Иванов |
| УДК определител | |
| УДК - код + определител | 929 Чичовски, Георги Иванов |
| 139 ## - Редно поле | |
| Редна дума | Чепеларски будители |
| Авторски знак | Чеп - Ч 64 |
| 245 10 - Сведения за заглавието | |
| Заглавие | Чепеларски будители |
| Подзаглавни данни | Д-р Георги Чичовски 1878-1946 : Спомени, писма, док., библиогр. и др. |
| Редно поле (дума) | състав. и ред. Александър Петров Маринов. |
| 257 ## - Страна на издаване | |
| Страна на създаване/издаване | България |
| 260 ## - Област на издателските данни | |
| -- | Смолян |
| Име на издателя, разпространителя и проч. | ЗЕА ПРИНТ |
| Година на издаване | 2008 |
| 300 ## - Физическа характеристика | |
| Страници | 156 с. |
| Илюстрации и др. | с ил., факс. |
| Размери/Мащаб | 21 см |
| 380 ## - Жанр | |
| Жанр | История |
| 500 ## - Общи забележки | |
| Забележка | В библиогр. каре местоизд. погрешно означено Пловдив |
| 600 14 - Име на лице, използвано като предмет | |
| За него / За нея | Чичовски, Георги Иванов |
| 9 (RLIN) | 301620 |
| 650 #4 - Допълнително описание по предмет – тема | |
| Основно описание – тема или топоним | Научни и културни дейци - България |
| 9 (RLIN) | 279230 |
| 651 #4 - Допълнително описание по предмет - топоним | |
| Географско понятие | Чепеларе |
| 9 (RLIN) | 179770 |
| 651 #4 - Допълнително описание по предмет - топоним | |
| Географско понятие | Смолянско |
| 9 (RLIN) | 179564 |
| 653 ## - Ключова дума – ненормативна | |
| Ключова дума | научни дейци |
| 653 ## - Ключова дума – ненормативна | |
| Ключова дума | биографии |
| 653 ## - Ключова дума – ненормативна | |
| Ключова дума | Георги Чичовски |
| 653 ## - Ключова дума – ненормативна | |
| Ключова дума | Чепеларе |
| 653 ## - Ключова дума – ненормативна | |
| Ключова дума | Смолянско |
| 700 1# - Други автори (авторска отговорност) | |
| Лично име | Маринов, Александър Петров |
| Автороска отговорност (Описва отношението между автора и произведението) | състав. и ред. |
| 9 (RLIN) | 371303 |
| 852 ## - Местоположение | |
| Форматна сигнатура | Цб 244029 |
| 856 4# - Електронен адрес и достъп | |
| Електронен формат | pdf - файл |
| Път до файла /url/ | |
| 856 4# - Електронен адрес и достъп | |
| Електронен формат | pdf - файл |
| Път до файла /url/ | |
| 942 ## - АРТИКУЛИ | |
| Вид на библиотечния материал | Книги |
| Скрит в OPAC | Не |
| 944 ## - СЪЗДАВАНЕ И РЕДАКЦИЯ на ЗАПИСА | |
| Създаване/Редакция | Създаване |
| Дата на регистрацията/редакция | 15.05.2009 |
| Служител, извършил регистрацията/редакцията | Милена_Ачева |
| 944 ## - СЪЗДАВАНЕ И РЕДАКЦИЯ на ЗАПИСА | |
| Създаване/Редакция | Редакция |
| Дата на регистрацията/редакция | 11.06.2009 |
| Служител, извършил регистрацията/редакцията | |
| 999 ## - СИСТЕМНИ КОНТРОЛНИ НОМЕРА | |
| Koha biblionumber | 84925 |
| Koha biblioitemnumber | 84925 |
| Код за отписване | Код за изгубен артикул | Код за повреда | Коз за рестрикции | Код за отдаване | Артикулен № | Име на библиотеката - собственик | Име на библиотеката, в която се намира в момента | Статус (Текущо местоположение) | Дата на вписване в системата | Местоположение - отдел | Цена в лева | Инвентарен номер | Систематично азбучна сигнатура | Баркод | Номер на екземпляра | Цена в евро | Служебна бележка | Служебен тип на артикула |
|---|---|---|---|---|---|---|---|---|---|---|---|---|---|---|---|---|---|---|
| Не е изгубен | Не е повреден | без рестрикции | ползва се в читалня | 137749 | Регионална библиотека "Любен Каравелов" Русе | Регионална библиотека "Любен Каравелов" Русе | Хранилище | 2009-05-14 | Хранилище | 0.00 | 120000735645 | Цб 244029 | 120000735645 | 1 | 0.00 | Дост: Dp Вид: Д N: 49 Дата: 19.11.2008 | Книги |